Acronymes et sigles divers #3 - Statistiques

Statistiques générales
  • Ce quiz a été pris 50 655 fois
    49 609 depuis la dernière actualisation
  • Le résultat moyen est 31 sur 55
Statistiques - réponses
Acronyme Indice Réponse % Correct
Sport J Jeux
97%
Sport O Olympiques
96%
Associations O Organisation
93%
Impôt T Taxe
93%
Droit du travail C Contrat
90%
Sport P Paris
89%
Droit du travail D à Durée
88%
Sport G Germain
88%
Sport S Saint-
88%
Économie S Salaire
87%
Droit du travail I Indéterminée
85%
Média N National
85%
Sciences N National
85%
Économie M Minimum
80%
Impôt V sur la Valeur
74%
Territoires R et Région
73%
Territoires O d’Outre-
72%
Territoires M Mer
72%
Impôt A Ajoutée
71%
Territoires D Département
70%
Associations N Non
66%
Sciences C Centre
64%
Diplôme B Brevet
63%
Sciences R de la Recherche
63%
Agroalimentaire O d'Origine
63%
Associations G Gouvernementale
63%
Agroalimentaire P Protégée
61%
Télédiffusion T Télévision
61%
Agroalimentaire A Appellation
59%
Transports R Réseau
58%
Prestation sociale R Revenu
58%
Sciences S Scientifique
58%
Renseignements S de la Sécurité
56%
Police S de Sécurité
56%
Renseignements D Direction
51%
Renseignements G Générale
50%
Média I Institut
47%
Secours S Service
45%
Diplôme S Supérieur
43%
Diplôme T de Technicien
39%
Renseignements I Intérieure
37%
Transports R Régional
32%
Prestation sociale S de Solidarité
25%
Média A de l'Audiovisuel
24%
Secours A d'Aide
23%
Secours M Médicale
22%
Prestation sociale A Active
19%
Télédiffusion N Numérique
19%
Transports E Express
18%
Police C Compagnies
17%
Secours U Urgente
16%
Police R Républicaines
13%
Télédiffusion T Terrestre
13%
Économie C de Croissance
10%
Économie I Interprofessionnel
8%
Aucun quiz correspondant
Distribution des résultats
% des personnes avec chaque résultat
Percentile par nombre de réponses
Votre historique - résultats
Vous n’avez pas pris ce quiz depuis la dernière actualisation